000 01332cad a22002415a 4500
001 L138895
008 070718s2007 xxkd f o 000 0 eng d
035 _a(Sirsi) u138895
041 0 _aeng
050 0 4 _a711.552 $2 18
110 2 _aColliers Conrad Ritblat Erdman
_94264
245 0 0 _aMidsummer retail report 2007
_h[electronic resource]
260 _aLondon
_bColliers CRE
_c2007
490 0 _aColliers Midsummer Retail Report
_v2007
520 _aReports that interest rate rises have dampened the strong retail investment market of a year ago, and whilst prime yields should remain steady, the secondary and tertiary markets are expected to weaken over the next 18 months. The in town and out of town occupier market is variable, and it is predicted that 30% of planned shopping centre development schemes will not get constructed this cycle. Forecasts a collapse in total retail returns across all three sub-sectors in 2007, with a pick up in performance expected through to 2010.
590 _aKA
650 2 4 _aCOLLIERS MIDSUMMER RETAIL REPORT
651 4 _aUnited Kingdom
_y
690 _aPROPERTY-COMMERCIAL PROPERTY-COMMERCIAL PROPERTY MARKET
690 _aPROPERTY-COMMERCIAL PROPERTY-RETAIL PROPERTY
856 4 0 _uhttps://www.colliers.com
_zView the report free of charge at www.colliers.com...
942 _n0
999 _c107266
_d107266